[Event "Paracin Winter op"]
[Site "Paracin"]
[Date "2018.02.03"]
[Round "6"]
[White "Jankovic, Moma"]
[Black "Mijajlovic, Milutin"]
[Result "0-1"]
[WhiteElo "1379"]
[BlackElo "1809"]
[PlyCount "44"]
[EventDate "2018.01.30"]
[EventType "swiss"]
[EventRounds "9"]
[EventCountry "SRB"]
[SourceTitle "CBM 182 Extra"]
[Source "ChessBase"]
[SourceDate "2018.02.23"]
[SourceVersion "1"]
[SourceVersionDate "2018.02.23"]
[SourceQuality "1"]

1. g4 d5 2. c4 Bxg4 3. Bg2 Nf6 4. Qa4+ Bd7 5. Qb3 Bc6 6. Nc3 e6 7. d4 Be7 8. Nb5 0-0 9. Bf4 dxc4 10. Qxc4 Bxg2 11. Nxc7 Nc6 12. Nxa8 Bb4+ 13. Bd2 Bxd2+ 14. Kxd2 Qxa8 15. f3 Bxh1 16. e4 Rd8 17. Ke3 Rxd4 18. Qb5 h6 19. Ne2 Rb4 20. Qd3 Bxf3 21. Qc3 Bxe2 22. Kxe2 Nxe4 0-1

[Event "Paracin Winter op"]
[Site "Paracin"]
[Date "2018.01.31"]
[Round "2"]
[White "Jankovic, Moma"]
[Black "Agai, Dzabir"]
[Result "1-0"]
[WhiteElo "1379"]
[BlackElo "1769"]
[PlyCount "54"]
[EventDate "2018.01.30"]
[EventType "swiss"]
[EventRounds "9"]
[EventCountry "SRB"]
[SourceTitle "CBM 182 Extra"]
[Source "ChessBase"]
[SourceDate "2018.02.23"]
[SourceVersion "1"]
[SourceVersionDate "2018.02.23"]
[SourceQuality "1"]

1. e4 e5 2. Nf3 Qe7 3. Nc3 c6 4. d4 d6 5. dxe5 dxe5 6. Bc4 h6 7. Be3 Bg4 8. Qd3 Nf6 9. 0-0-0 Nbd7 10. h3 Bh5 11. Rd2 g5 12. h4 g4 13. Nh2 Bg6 14. f3 h5 15. Bg5 gxf3 16. Nxf3 Bh6 17. Bxh6 Rxh6 18. Rhd1 Nc5 19. Qd6 Qxd6 20. Rxd6 Ncxe4 21. Nxe4 Nxe4 22. Rd7 Nc5 23. R7d6 e4 24. Ng5 Kf8 25. Rf6 Kg7 26. Rfd6 Rhh8 27. Bxf7 Bxf7 1-0